000 00208 a2200109 4500
020 _a9780892393824
041 _aspa
100 _aDelacre, Lulu
245 _aRafi y Rosi Piratas
942 _cBK
952 _71
999 _c24366
_d24366